000 00464nam a2200181Ia 4500
008 230524s9999 xx 000 0 und d
020 _a9788131503140
082 _a174.4
_bGIL
100 _aRichard F. Gilberg
245 0 _aData Structures: A Pseudocode Approach with C
250 _aIST
260 _aNEW DELHI
_bCengage
_c2009
300 _aXVI;709
500 _aQuantity Number: 150
650 _aComp-Sc
700 _a Behrouz A.Forouzan
942 _cBK
999 _c45249
_d45249